Statistics for Disney's "The Little Mermaid"

Click here to take the quiz!

General Stats

  • This quiz has been taken 10,673 times
  • The average score is 12 of 16

Answer Stats

HintAnswer% Correct
What type of creature is Sebastian?Crab
96%
What is the name of the sea witch who is the primary villain in the story?Ursula
94%
What song says "darling its better / down where it's wetter"?Under the Sea
93%
What does Ariel have to give up, in exchange for being transformed
into a human for three days?
Her {Voice}
91%
What song does Ariel sing about wanting to be a human?Part of Your {World}
91%
What song does Sebastian sing when Ariel and the prince are floating in the blue lagoon?{Kiss} the Girl
85%
What is the name of Ariel's fish friend?Flounder
84%
What everyday object does Ariel find in the shipwreck at the beginning of the movie saying
"Have you ever seen anything so wonderful in your entire life"?
Fork
82%
What is the name of the prince who Ariel falls in love with?Eric
79%
Who is Ariel's father?King {Triton}
74%
What type of accent does Sebastian have?Jamaican
72%
What type of creature is Scuttle?Seagull
68%
Who wrote the original fairy tale "The Little Mermaid"?Hans Christian
Anderson
64%
In which European capital would you find a statue of the Little Mermaid?Copenhagen
58%
Who are her two eel minions? (name either)Flotsam / Jetsam
44%
What is the name of the bumbling French chef who tries to cook and eat Sebastian?Louis
27%

Score Distribution

Percentile by Number Answered

Percent of People with Each Score

Your Score History

You have not taken this quiz